|
|
|
|
| LEADER |
00000cam a22000002c 4500 |
| 001 |
162290995X |
| 003 |
DE-627 |
| 005 |
20251225202607.0 |
| 007 |
tu |
| 008 |
980518s1998 xx ||||| 00| ||eng c |
| 010 |
|
|
|a 97017050
|
| 020 |
|
|
|a 0205268986
|9 0-205-26898-6
|
| 035 |
|
|
|a (DE-627)162290995X
|
| 035 |
|
|
|a (DE-576)06593167X
|
| 035 |
|
|
|a (DE-599)BSZ06593167X
|
| 040 |
|
|
|a DE-627
|b ger
|c DE-627
|e rakwb
|
| 041 |
|
|
|a eng
|
| 050 |
|
0 |
|a HV9950.L35 1997
|
| 082 |
0 |
|
|a 364/.07/2073
|
| 100 |
1 |
|
|a Tontodonato, Pamela
|4 aut
|
| 245 |
1 |
4 |
|a The language of research in criminal justice
|b a reader
|c Pamela Tontodonato; Frank E. Hagan
|
| 264 |
|
1 |
|a Boston [u.a.]
|b Allyn & Bacon
|c 1998
|
| 300 |
|
|
|a X, 322 S.
|b graph. Darst.
|
| 336 |
|
|
|a Text
|b txt
|2 rdacontent
|
| 337 |
|
|
|a ohne Hilfsmittel zu benutzen
|b n
|2 rdamedia
|
| 338 |
|
|
|a Band
|b nc
|2 rdacarrier
|
| 500 |
|
|
|a Includes bibliographical references and index
|
| 583 |
1 |
|
|a Archivierung prüfen
|c 20200919
|f DE-640
|z 1
|2 pdager
|
| 650 |
|
0 |
|a Criminal justice, Administration of
|x Research
|x United States
|
| 650 |
|
0 |
|a Criminal justice, Administration of
|x Research
|x Methodology
|
| 650 |
|
0 |
|a Criminology
|x Research
|x Methodology
|
| 700 |
1 |
|
|a Hagan, Frank E.
|d 1945-
|0 (DE-588)1046187414
|0 (DE-627)775884960
|0 (DE-576)164874216
|4 aut
|
| 935 |
|
|
|a mkri
|
| 951 |
|
|
|a BO
|
| ELC |
|
|
|b 1
|
| LOK |
|
|
|0 000 xxxxxcx a22 zn 4500
|
| LOK |
|
|
|0 001 3248121912
|
| LOK |
|
|
|0 003 DE-627
|
| LOK |
|
|
|0 004 162290995X
|
| LOK |
|
|
|0 005 19980820000000
|
| LOK |
|
|
|0 008 980518||||||||||||||||ger|||||||
|
| LOK |
|
|
|0 040
|a DE-Frei85
|c DE-627
|d DE-Frei85
|
| LOK |
|
|
|0 852
|a DE-Frei85
|
| LOK |
|
|
|0 852 1
|m p
|9 00
|
| LOK |
|
|
|0 938
|k p
|
| LOK |
|
|
|0 939
|a 18-05-98
|b l01
|
| ORI |
|
|
|a SA-MARC-krimdoka001.raw
|